Η κοινωνική διάσταση της περιβαλλοντικής πολιτικής στα πλαίσια της επικείμενης διεύρυνσης της Ευρωπαϊκής Ένωσης : πτυχιακή εργασία

Αποθηκεύτηκε σε:
Λεπτομέρειες βιβλιογραφικής εγγραφής
Κύριος συγγραφέας: Βερβέρογλου, Σταματία
Συγγραφή απο Οργανισμό/Αρχή: Πανεπιστήμιο Αιγαίου Σχολή Κοινωνικών Επιστημών Τμήμα Κοινωνιολογίας
Άλλοι συγγραφείς: Γρηγορίου, Πάνος (Εισηγητής διατριβής)
Μορφή: Thesis Βιβλίο
Γλώσσα:Greek
Δημοσίευση: Μυτιλήνη : Πανεπιστήμιο Αιγαίου, Τμήμα Κοινωνιολογίας, 2003
Θέματα:
Διαθέσιμο Online:http://hdl.handle.net/11610/7861
Ετικέτες: Προσθήκη ετικέτας
Δεν υπάρχουν, Καταχωρήστε ετικέτα πρώτοι!

MARC

LEADER 00000cam a2200000 i 4500
001 1/84258
008 050829s2003 gre d
035 |l 10079978 
040 |a GR-MY-UA  |b gre  |e aacr 
041 0 |a gre 
082 0 |a 341.2422  |2 (22) 
100 1 |a Βερβέρογλου, Σταματία. 
245 1 2 |a Η κοινωνική διάσταση της περιβαλλοντικής πολιτικής στα πλαίσια της επικείμενης διεύρυνσης της Ευρωπαϊκής Ένωσης :  |b πτυχιακή εργασία /  |c Βερβέρογλου Σταματία ; υπεύθυνος καθηγητής Γρηγορίου Παναγιώτης 
260 |a Μυτιλήνη :   |b Πανεπιστήμιο Αιγαίου, Τμήμα Κοινωνιολογίας,   |c 2003 
300 |a 85 σ.;  |b πιν.;  |c 30 εκ. 
502 # # |a Πτυχιακή εργασία – Πανεπιστήμιο Αιγαίου, Λέσβος, 2003. 
504 |a Βιβλιογραφία: σ. 77-84 
650 0 0 |a Environmental policy  |z European Union countries. 
650 0 0 |a Dissertations, Academic  |z Greece. 
651 0 |a European Union countries  |x Social policy. 
651 0 |a European Union countries  |x Economic integration. 
700 1 |a Γρηγορίου, Πάνος.  |4 ths 
710 2 |a Πανεπιστήμιο Αιγαίου  |b Σχολή Κοινωνικών Επιστημών  |b Τμήμα Κοινωνιολογίας. 
852 |a INST  |b LESVOS  |c DIATR  |e 20050829  |h 43  |p 005100031210  |q 005100031210  |t DIE  |y 23 
852 |a INST  |b LESVOS  |c DIATR  |e 20050829  |h 44  |p 005100031209  |q 005100031209  |t DIE  |y 23 
856 |u http://hdl.handle.net/11610/7861 
901 |a BIBL1-2005-2 
909 |a Λ  |b 106324 
909 |a Λ  |b 106325 
924 |a ΒΕΡΒΕΡΟΓΛΟΥ  |b ΣΤΑΜΑΤΙΑ  |y ΛΕΣΒΟΣ  |z 2003-10 
970 |a ΜΑΡΙΝΑΤΟΥ  |b ΜΥΡΣΙΝΗ  |z 2005/08/29